000 00619nam a22002057a 4500
999 _c16043
_d16043
003 AR-CdUCM
008 190305b ||||| |||| 00| 0 spa d
040 _aMUNICIPALIDAD PROVINCIAL DEL CUSCO
_cBIBLIOTECA MUNICIPAL DEL CUSCO
082 _a869.24 /
_bC25
100 _aCane, Miguel
_99623
245 _aJuvenilia
260 _aBuenos Aires :
_bAcme :
_c1957.
300 _a247 páginas ;
_c19 cm.
650 _aNovelas Argentinas
_99625
650 _aNovelas de Costumbres
_9168
650 _aSiglo XIX
_9971
700 _aMartinez Parma, M. (Traducción)
_935322
942 _2ddc
_cLIBROS
945 _awnts
_d2019-05-2